Educación y plenitud humana
Guardat en:
| Autor principal: | |
|---|---|
| Format: | Llibre |
| Idioma: | espanyol |
| Publicat: |
Buenos Aires
El Ateneo
1968
|
| Edició: | 8a. ed |
| Matèries: | |
| Etiquetes: |
Afegir etiqueta
Sense etiquetes, Sigues el primer a etiquetar aquest registre!
|
MARC
| LEADER | 00000nam a2200000 a 4500 | ||
|---|---|---|---|
| 001 | UCY9885 | ||
| 003 | CL-VaPUC | ||
| 008 | 950724e19680000AG |||||||||||||||||spa|d | ||
| 082 | 0 | 4 | |a 370.1 |b MAN |2 21 |
| 100 | |a Mantovani, Juan |e autor |9 519137 | ||
| 245 | 1 | 0 | |a Educación y plenitud humana |
| 250 | |a 8a. ed | ||
| 300 | |a 191 p | ||
| 942 | |c BK | ||
| 945 | |d 19950724 00:00:00 |a mfernand | ||
| 260 | |a Buenos Aires |b El Ateneo |c 1968 | ||
| 650 | 0 | |a Filosofía de la educación |9 258384 | |
| 650 | 0 | |a Enseñanza |9 256457 | |
| 650 | 0 | |a Libertad de enseñanza |9 311567 | |
| 650 | 7 | |a RELACION DOCENTE ALUMNO |2 CL-VaPUC |9 307734 | |
| 650 | 7 | |a HOMBRE |2 CL-VaPUC |9 262149 | |
| 650 | 0 | |a Racionalismo |9 259116 | |
| 650 | 0 | |a Idealismo |9 265685 | |
| 650 | 0 | |a Antropología filosófica |9 265842 | |
| 650 | 0 | |a Psicología |9 257863 | |
| 583 | |a last modification |c 20181001 01:17:16 |k Rodrigo Vera | ||
| 999 | |c 236888 |d 236886 | ||
| 952 | |0 0 |1 0 |4 0 |6 370_100000000000000_MAN_1968 |7 0 |8 P |9 245262 |a BIBEDU |b BIBEDU |c BIBEDU_PB |d 2019-11-18 |i 1538853 |o 370.1 MAN 1968 |p 1538853 |r 2024-01-25 |w 2019-11-18 |y BK |k EDU | ||